[Event "Sautron W op 02nd"]
[Site "Sautron"]
[Date "2014.05.29"]
[Round "1"]
[White "Doluhanova, Evgeniya"]
[Black "Lebedel, Marc"]
[Result "1-0"]
[WhiteElo "2336"]
[BlackElo "1533"]
[PlyCount "31"]
[EventDate "2014.05.28"]
[EventType "swiss"]
[EventRounds "6"]
[EventCountry "FRA"]
[SourceTitle "EXT 2016"]
[Source "ChessBase"]
[SourceDate "2015.10.08"]
[SourceVersion "1"]
[SourceVersionDate "2015.10.08"]
[SourceQuality "1"]

1. e4 c5 2. Nf3 d6 3. d4 cxd4 4. Nxd4 Nf6 5. Nc3 e6 6. Be3 a6 7. f3 b5 8. Qd2 Nbd7 9. g4 h6 10. 0-0-0 Bb7 11. Kb1 b4 12. Na4 Qa5 13. b3 Ne5 14. Bd3 d5 15. Nxe6 Nxd3 16. Bb6 1-0

[Event "Nantes op 8th"]
[Site "Nantes"]
[Date "2009.12.??"]
[Round "3"]
[White "Lebedel, Marc"]
[Black "Hutois, Mickael"]
[Result "0-1"]
[WhiteElo "1630"]
[BlackElo "2051"]
[PlyCount "78"]
[EventDate "2009.12.??"]
[EventType "swiss"]
[EventRounds "9"]
[EventCountry "FRA"]
[SourceTitle "CBM 134 Extra"]
[Source "ChessBase"]
[SourceDate "2010.03.03"]
[SourceVersion "1"]
[SourceVersionDate "2010.03.03"]
[SourceQuality "1"]

1. f4 e5 2. fxe5 d6 3. exd6 Bxd6 4. Nf3 g5 5. d4 g4 6. Ng5 f5 7. d5 h6 8. Qd4 Nf6 9. Qe3+ Qe7 10. Qxe7+ Kxe7 11. Ne6 Bxe6 12. dxe6 Nc6 13. e3 Kxe6 14. Bc4+ Kd7 15. 0-0 Ne7 16. Nc3 Raf8 17. Bd2 c6 18. Rad1 Kc7 19. Bd3 Nd7 20. e4 f4 21. Ne2 Ng6 22. c3 c5 23. Bc4 Rf6 24. Bd5 h5 25. c4 h4 26. Bc3 Nde5 27. a3 f3 28. gxf3 gxf3 29. Nc1 Nf4 30. Nd3 Ne2+ 31. Kh1 Nxc3 32. bxc3 Ng4 33. Rb1 b6 34. Rb2 Rh5 35. Rg1 Bg3 36. Rf1 Ne3 37. e5 Bxe5 38. Rxf3 Nxd5 39. Nxe5 Rxe5 0-1

[Event "Pays de Loire-chT"]
[Site "Cholet"]
[Date "2009.??.??"]
[Round "1"]
[White "Barbot, Pierre"]
[Black "Lebedel, Marc"]
[Result "1-0"]
[WhiteElo "2050"]
[BlackElo "1632"]
[PlyCount "27"]
[EventDate "2009.06.??"]
[EventType "team-tourn"]
[EventRounds "6"]
[EventCountry "FRA"]
[SourceTitle "EXT 2010"]
[Source "ChessBase"]
[SourceDate "2010.11.25"]
[SourceVersion "1"]
[SourceVersionDate "2010.11.25"]
[SourceQuality "1"]

1. e4 e5 2. Nf3 d5 3. exd5 Qxd5 4. Nc3 Qa5 5. Bc4 Nc6 6. 0-0 Bd7 7. d4 exd4 8. Re1+ Nge7 9. Nxd4 Nxd4 10. Qxd4 f5 11. Bg5 Qb6 12. Qxb6 cxb6 13. Nd5 Rc8 14. Bb3 1-0

[Event "Rohde op 06th"]
[Site "Sautron"]
[Date "2006.11.03"]
[Round "8"]
[White "Lebedel, Marc"]
[Black "Le Ruyet, Leopold"]
[Result "0-1"]
[WhiteElo "1590"]
[BlackElo "2011"]
[PlyCount "30"]
[EventDate "2006.10.28"]
[EventType "swiss"]
[EventRounds "9"]
[EventCountry "FRA"]
[SourceTitle "EXT 2007"]
[Source "ChessBase"]
[SourceDate "2006.11.23"]
[SourceVersion "1"]
[SourceVersionDate "2006.11.23"]
[SourceQuality "1"]

1. f4 e5 2. fxe5 d6 3. exd6 Bxd6 4. Nf3 g5 5. g3 g4 6. Nh4 Be7 7. e3 Bxh4 8. gxh4 Qxh4+ 9. Ke2 g3 10. Bg2 Bg4+ 11. Bf3 Nf6 12. Qf1 gxh2 13. Qf2 Bxf3+ 14. Qxf3 Ne4 15. d3 Ng3+ 0-1